Welcome to the Holygrace Academy Library

Please use search bar below to get started

ANGELS UNLIMITED (Record no. 3)

MARC details
000 -LEADER
fixed length control field 00355nam a22001337a 4500
020 ## - INTERNATIONAL STANDARD BOOK NUMBER
ISBN 0-00-712988-2
082 ## - DEWEY DECIMAL CLASSIFICATION NUMBER
Classification number 823
Item number DAL/F
100 ## - MAIN ENTRY--AUTHOR NAME
Personal name ANNIE DALTON
245 ## - TITLE STATEMENT
Title ANGELS UNLIMITED
Remainder of title FIGHTING FIT
Statement of responsibility, etc TROUBLE SHOOTING TROUBLE MAKING ANGEL
260 ## - PUBLICATION, DISTRIBUTION, ETC. (IMPRINT)
Place of publication GREAT BRITAIN
Name of publisher COLLINS
Year of publication 2003
300 ## - PHYSICAL DESCRIPTION
Number of Pages 183
650 ## - SUBJECT ADDED ENTRY--TOPICAL TERM
Topical Term MEL GETS THE GLADIATOR GROOVE
Geographic subdivision ROME
942 ## - ADDED ENTRY ELEMENTS (KOHA)
Koha item type Books
Holdings
Withdrawn status Lost status Collection code Home library Current library Shelving location Date acquired Full call number Accession Number Koha item type
    Fiction Main Library Main Library On Display 12/03/2014 823 DAL/F 7632 Books